Resolución de conflictos laborales por métodos alternativos: conflicto y empresa. Ombuds. Revisión por los pares. Negociación. Mediación interna. Arbitraje. Evaluación neutral. Política de puertas abiertas
Uloženo v:
| Hlavní autor: | |
|---|---|
| Médium: | Kniha |
| Jazyk: | španělština |
| Vydáno: |
Buenos Aires
Astrea
2003
|
| Témata: | |
| Tagy: |
Přidat tag
Žádné tagy, Buďte první, kdo vytvoří štítek k tomuto záznamu!
|
MARC
| LEADER | 00000nam a2200000 a 4500 | ||
|---|---|---|---|
| 001 | UCL9852 | ||
| 003 | CL-VaPUC | ||
| 008 | 040827e20030000AG |||||||||||||||||spa|d | ||
| 020 | |a 9505086172 | ||
| 082 | 0 | 4 | |a 331.89 |b CAS |2 21 |
| 100 | 0 | |a Castillejo de Arias, Olga |e author |9 487775 | |
| 245 | 1 | 0 | |a Resolución de conflictos laborales por métodos alternativos: conflicto y empresa. Ombuds. Revisión por los pares. Negociación. Mediación interna. Arbitraje. Evaluación neutral. Política de puertas abiertas |
| 300 | |a 164 p | ||
| 942 | |c BK | ||
| 945 | |d 20040827 00:00:00 |a cmena | ||
| 260 | |a Buenos Aires |b Astrea |c 2003 | ||
| 650 | 0 | |a Conflictos laborales |9 256688 | |
| 650 | 7 | |a RELACIONES INDUSTRIALES |2 CL-VaPUC |9 487776 | |
| 650 | 7 | |a DERECHO LABORAL |2 CL-VaPUC |9 15 | |
| 650 | 0 | |a Negociación colectiva |9 312433 | |
| 650 | 0 | |a Mediación |9 338396 | |
| 650 | 0 | |a Derecho comparado |9 255664 | |
| 650 | 0 | |a Jurisprudencia |9 255952 | |
| 583 | |a last modification |c 20040827 00:00:00 |k Rodrigo Vera | ||
| 999 | |c 310495 |d 310493 | ||
| 952 | |0 0 |1 0 |4 0 |6 331_890000000000000_CAS_2003 |7 0 |8 A |9 379031 |a BIBDER |b BIBDER |d 2019-11-21 |i 4055144 |l 1 |o 331.89 CAS 2003 |p 4055144 |r 2023-01-25 |s 2022-11-22 |w 2019-11-21 |y BK |k DER | ||